| 000 | 00627nam a2200205Ii 4500 | ||
|---|---|---|---|
| 003 | JO-AjNU | ||
| 008 | 230605s9999||||xx |||||||||||||| ||und|| | ||
| 040 |
_aJO-AjNU _bara _erda _cJO-AjNU |
||
| 041 | _aara | ||
| 050 | 1 | 4 | _aBP173.753.M3744 2012 |
| 100 | 3 |
_aالمصري، رفيق يونس, _eauthor _948456 |
|
| 245 | 0 | 0 | _aأصول الإقتصاد الإسلامي |
| 250 | _aط6 | ||
| 264 | 3 | 1 | _aدمشق: دار القلم، 2012 |
| 300 | _a391ص | ||
| 336 |
_atext _btxt _2rdacontent |
||
| 337 |
_aunmediated _bn _2rdamedia |
||
| 338 |
_avolume _bnc _2rdacarrier |
||
| 650 | 4 |
_aالاقتصاد الاسلامي _948457 |
|
| 999 |
_aA21222 _c24790 _d24790 |
||